Capitalism and modern social theory : An analysis of the writings of Marx, Durkheim and Max Weber (Record no. 1393154)

MARC details
000 -LEADER
fixed length control field 00701nam a2200217Ia 4500
005 - DATE AND TIME OF LATEST TRANSACTION
control field 20250508165110.0
008 - FIXED-LENGTH DATA ELEMENTS--GENERAL INFORMATION
fixed length control field 008 250505s9999 xx 000 0 eng d
020 ## - INTERNATIONAL STANDARD BOOK NUMBER
International Standard Book Number 0 521 08293 5
037 ## - SOURCE OF ACQUISITION
Stock number TextBook
040 ## - CATALOGING SOURCE
Original cataloging agency FEDL
Language of cataloging eng
Transcribing agency FEDL
041 ## - LANGUAGE CODE
Language code of text/sound track or separate title eng
Source of code eng
084 ## - COLON CLASSIFICATION NUMBER
Classification number 301, GID/R
Assigning agency FEDL
100 ## - MAIN ENTRY--PERSONAL NAME
Personal name Giddens Anthony
245 #0 - TITLE STATEMENT
Title Capitalism and modern social theory : An analysis of the writings of Marx, Durkheim and Max Weber
260 ## - PUBLICATION, DISTRIBUTION, ETC.
Place of publication, distribution, etc. Cambridge
Name of publisher, distributor, etc. Cambridge University Press
Date of publication, distribution, etc. 1971
300 ## - PHYSICAL DESCRIPTION
Extent xvii,261p.
365 ## - TRADE PRICE
Price type code GBP
Price amount 5.5
546 ## - LANGUAGE NOTE
Language note Acc No. 086789 is MACESE book. Indian Edition.1992. Rs. 95.00
942 ## - ADDED ENTRY ELEMENTS (KOHA)
Koha item type Textbook
Classification part 301, GID/R
Holdings
Withdrawn status Lost status Damaged status Not for loan Home library Current library Date acquired Cost, normal purchase price Total Checkouts Full call number Barcode Date last seen Price effective from Koha item type
        Department of Education Library Department of Education Library 2025-05-08 5.50   301, GID/R EL0086789 2025-05-08 2025-05-08 Textbook
Copyright @ Delhi University Library System